Central Library OPAC University of Rajshahi

Social dimensions of adjustment : (Record no. 52669)

MARC details
000 -LEADER
fixed length control field 00992nam a2200289 a 4500
001 - CONTROL NUMBER
control field 52669
003 - CONTROL NUMBER IDENTIFIER
rucl marc code BD-RjUL
005 - DATE AND TIME OF LATEST TRANSACTION
control field 20211209075837.0
008 - FIXED-LENGTH DATA ELEMENTS--GENERAL INFORMATION
fixed length control field 160925s1996 dcua b 000 0 eng
020 ## - INTERNATIONAL STANDARD BOOK NUMBER
International Standard Book Number 082133610X
035 ## - SYSTEM CONTROL NUMBER
System control number (BD-RjUL)52789
040 ## - CATALOGING SOURCE
Original cataloging agency DLC
Transcribing agency DLC
Modifying agency DLC
-- BD-RjUL
Language of cataloging eng
041 ## - LANGUAGE CODE
Language code of text/sound track or separate title eng
082 00 - DEWEY DECIMAL CLASSIFICATION NUMBER
Classification number 338.9
Edition number 23
Author mark and year JAS 1996
100 1# - MAIN ENTRY--PERSONAL NAME
Personal name Jayarajah, Carl,
Dates associated with a name 1932-
9 (RLIN) 157504
245 10 - TITLE STATEMENT
Title Social dimensions of adjustment :
Remainder of title World Bank experience, 1980-93 /
Statement of responsibility, etc. Carl Jayarajah, William Branson, and Binayak Sen.
260 ## - PUBLICATION, DISTRIBUTION, ETC. (IMPRINT)
Place of publication, distribution, etc. Washington, D.C. :
Name of publisher, distributor, etc. The World Bank,
Date of publication, distribution, etc. c1996.
300 ## - PHYSICAL DESCRIPTION
Pagination xix, 218 p. :
Illustrations ill. ;
Size 28 cm.
650 #0 - SUBJECT ADDED ENTRY--TOPICAL TERM
Topical term or geographic name as entry element Economic development.
9 (RLIN) 157508
Topical term or geographic name as entry element Public welfare
Geographic subdivision Developing countries.
9 (RLIN) 157509
Topical term or geographic name as entry element Poverty
Geographic subdivision Developing countries.
9 (RLIN) 157510
700 1# - ADDED ENTRY--PERSONAL NAME
Personal name Branson, William H.
Personal name Sen, Binayak.
942 ## - ADDED ENTRY ELEMENTS (KOHA)
Source of classification or shelving scheme Dewey Decimal Classification
Koha item type Books
Holdings
Lost status Source of classification or shelving scheme Damaged status Not for loan Collection code Permanent Location Current Location Shelving location Date acquired Source of acquisition Cost, normal purchase price Total Checkouts Full call number Date last seen Copy number Koha item type
  Dewey Decimal Classification     Non-fiction Central Library, University of Rajshahi Central Library, University of Rajshahi   18/08/1996 M.D.A. 350.00   338.9 JAS 1996 25/09/2016 C-2 Books